000 00642nam a2200205 a 4500
001 000010495
005 20240412074219.0
008 091007s1983 dr 000 p spa d
040 _aDO-SdBNP
_bspa
_cBNPHU
082 _aRD861.44
_bM277a
100 1 _aMangual, Acacia
_925496
245 1 0 _aAtardecer /
_cAcacia Mangual; prólogo Edmundo G. Morgado.
260 _aSanto Domingo :
_bÁngel,
_c1983.
300 _a73 p. ;
_c21 cm.
590 _aInventariado, 2018/LP
650 0 _aPoesía dominicana
_966
650 0 _aLiteratura dominicana.
_967
700 1 2 _aMorgado, Edmundo G.,
_epról.
_925497
910 _aValidado. Control de calidad MFF
999 _c10254
_d10254